[Event "Warsaw Hetmanie-A 1st"]
[Site "Warsaw"]
[Date "2010.02.08"]
[Round "6"]
[White "Kurowski, Andrzej"]
[Black "Grochulski, Tomasz"]
[Result "1-0"]
[WhiteElo "1860"]
[BlackElo "1725"]
[PlyCount "52"]
[EventDate "2010.01.04"]
[EventType "tourn"]
[EventRounds "11"]
[EventCountry "POL"]
[SourceTitle "EXT 2023"]
[Source "ChessBase"]
[SourceDate "2022.10.05"]
[SourceVersion "1"]
[SourceVersionDate "2022.10.05"]
[SourceQuality "1"]

1. d4 d5 2. Nf3 Nc6 3. c4 Bg4 4. Nc3 e6 5. Qa4 Bxf3 6. gxf3 Nf6 7. Bg5 Be7 8. e3 a6 9. c5 Qd7 10. f4 h6 11. Bh4 Nh5 12. Bxe7 Kxe7 13. Bd3 g6 14. a3 f5 15. Rg1 Kf7 16. 0-0-0 Qe7 17. f3 Qh4 18. Qc2 Nxf4 19. exf4 Qxf4+ 20. Kb1 Nxd4 21. Qa4 g5 22. Be4 Nxf3 23. Qd7+ Kf6 24. Bxd5 Rhe8 25. Bxe6 Ne5 26. Nd5+ Kg6 1-0

[Event "Warsaw Hetmanie-A 1st"]
[Site "Warsaw"]
[Date "2010.01.25"]
[Round "4"]
[White "Jarmolowski, Tadeusz"]
[Black "Grochulski, Tomasz"]
[Result "1-0"]
[WhiteElo "1702"]
[BlackElo "1725"]
[PlyCount "68"]
[EventDate "2010.01.04"]
[EventType "tourn"]
[EventRounds "11"]
[EventCountry "POL"]
[SourceTitle "EXT 2023"]
[Source "ChessBase"]
[SourceDate "2022.10.05"]
[SourceVersion "1"]
[SourceVersionDate "2022.10.05"]
[SourceQuality "1"]

1. e4 e5 2. f4 exf4 3. Nf3 g5 4. h4 g4 5. Ne5 d6 6. Nxg4 Nf6 7. Nxf6+ Qxf6 8. d4 Rg8 9. Nc3 Bh6 10. Nd5 Qg6 11. Qd3 Kd8 12. Nxf4 Bxf4 13. Bxf4 Re8 14. 0-0-0 b6 15. Re1 Bb7 16. d5 Nd7 17. Qf3 f6 18. Bd3 Ne5 19. Bxe5 fxe5 20. Ref1 Ke7 21. g4 Rg8 22. g5 Raf8 23. Qe3 Bc8 24. Be2 Rxf1+ 25. Rxf1 Rf8 26. Rxf8 Kxf8 27. h5 Qf7 28. Kd2 Kg7 29. b4 Bd7 30. c4 Be8 31. Qg3 Qe7 32. Qh4 h6 33. gxh6+ Kf8 34. Qxe7+ Kxe7 1-0

[Event "Warsaw Hetmanie-A 1st"]
[Site "Warsaw"]
[Date "2010.01.18"]
[Round "3"]
[White "Grochulski, Tomasz"]
[Black "Jarmula, Pawel"]
[Result "0-1"]
[WhiteElo "1725"]
[BlackElo "1909"]
[PlyCount "97"]
[EventDate "2010.01.04"]
[EventType "tourn"]
[EventRounds "11"]
[EventCountry "POL"]
[SourceTitle "EXT 2023"]
[Source "ChessBase"]
[SourceDate "2022.10.05"]
[SourceVersion "1"]
[SourceVersionDate "2022.10.05"]
[SourceQuality "1"]

1. e4 c6 2. Nc3 d5 3. d4 dxe4 4. Nxe4 Nf6 5. Nxf6+ gxf6 6. Bf4 Bf5 7. Nf3 Nd7 8. Bd3 Bxd3 9. Qxd3 Nb6 10. 0-0-0 Nd5 11. Bg3 Bh6+ 12. Kb1 Qd7 13. Qa3 e6 14. Bh4 Bf8 15. Qb3 Be7 16. Bg3 0-0-0 17. Qa4 a6 18. c4 Nc7 19. Rhe1 Kb8 20. Qa5 Bd6 21. Bh4 Ne8 22. Nd2 Bc7 23. Qc3 Qxd4 24. Qxd4 Rxd4 25. g3 Rg8 26. b3 Rg6 27. Ne4 Rxd1+ 28. Rxd1 Kc8 29. Nc5 Nd6 30. f3 Nf5 31. Rh1 Nxh4 32. gxh4 f5 33. Nd3 Rg2 34. h3 Rg3 35. Ne1 Kd7 36. Kc2 Ke7 37. Kd3 Ba5 38. Ke2 Bxe1 39. Kxe1 Rxf3 40. Ke2 Rc3 41. Kd2 Rg3 42. Ke2 Rg2+ 43. Kd3 Rxa2 44. Rg1 Kf6 45. Rg3 e5 46. h5 f4 47. Rg8 Rh2 48. Rb8 Rxh3+ 49. Kc2 0-1